| 000 | 00749nam a2200229Ia 4500 | ||
|---|---|---|---|
| 001 | 8683 | ||
| 003 | GE_BSU | ||
| 008 | 181216s||||||||xx |||||||||||||| ||und|| | ||
| 040 | _cGE_BSU | ||
| 080 | _a821.353.1-31 | ||
| 100 | _aიოსელიანი,ოტია. | ||
| 245 | _aშავი და ცისფერი მდინარე. | ||
| 245 | _bრომანი | ||
| 245 | _cრედ:მ.წიკლაური;მხარვ:გ.წერეთელი. | ||
| 260 | _aთბილისი-ქუთაისი. | ||
| 260 | _bგ.გ. | ||
| 260 | _c1976 | ||
| 300 | _a408გვ;21სმ. | ||
| 653 | _aრომანი | ||
| 653 | _aშავი და ცისფერი მდინარე. | ||
| 942 | _cBK | ||
| 999 |
_c41997 _d41997 |
||